书目信息 |
| 题名: |
电工基础(中级工适用)
|
|
| 作者: | 机械工业职业技能鉴定指导中心 | |
| 分册: | ||
| 出版信息: | 北京 机械工业出版社 1999.05 |
|
| 页数: | 254页 | |
| 开本: | 32开 | |
| 丛书名: | ||
| 单 册: | ||
| 中图分类: | ||
| 科图分类: | ||
| 主题词: | 电工--理论 | |
| 电子资源: | ||
| ISBN: | 7-111-01929-6 | |
| 000 | 00658nam0 2200205 45 | |
| 001 | 9911091601 | |
| 005 | 19991109164508.2 | |
| 010 | @a7-111-01929-6@d14.00元 | |
| 100 | @a19991109d1999 km y0chiy0120 ea | |
| 101 | @achi | |
| 105 | @a z 000yy | |
| 200 | 1 | @a电工基础(中级工适用)@ADian Gong Ji Chu(Zhong Ji Gong Shi Yong)@f机械工业职业技能鉴定指导中心@FJi Xie Gong Ye Zhi Ye Ji Neng Jian Ding Zhi Dao Zhong Xin |
| 210 | @a北京@c机械工业出版社@d1999.05 | |
| 215 | @a254页@d32开 | |
| 606 | 0 | @a电工@x理论 |
| 690 | @v3 | |
| 690 | @aTM1 | |
| 701 | @a机械工业职业技能鉴定指导中心 | |
| 801 | @aCN@bPFTUser@c19991109 | |
| 905 | @f3@b43455-457@dTM1@eJ:285/2 | |
| 电工基础(中级工适用)/机械工业职业技能鉴定指导中心.-北京:机械工业出版社,1999.05 |
| 254页;32开 |
| ISBN 7-111-01929-6:14.00元 |
| ● |
| 相关链接 |
|
|
|
正题名:电工基础(中级工适用)
索取号:TM1/J:285/2
 
预约/预借
| 序号 | 登录号 | 条形码 | 馆藏地/架位号 | 状态 | 备注 |
| 1 | 43455 | 200434556 | 自科二线504/504自科库 10排1列1层/ [索取号:TM1/J:285/2] | 在馆 | |
| 2 | 43456 | 200434565 | 自科二线404/301自科库 4排2列4层/ [索取号:TM1/J:285/2] | 在馆 | |
| 3 | 43457 | 200434574 | 期刊室512/301自科库 4排2列4层/ [索取号:TM1/J:285/2] | 在馆 |